000 00388nam a22001697a 4500
003 MPLRDC
005 20220104123816.0
008 210129b ||||| |||| 00| 0 eng d
082 _a868.71 HNJ
100 _a何乃健
245 _a那年的草色
_c
250 _a初版
260 _a
_b十方出版社
_c1992
300 _b
650 _a马华文学
942 _cBK
_o868.71 HNJ
999 _c14365
_d14355